Problémy regionálnych disparít Slovenska a cestovný ruch diplomová práca

Guardado en:
Detalles Bibliográficos
Autor principal: Kičinová, Klaudia
Autor Corporativo: Obchodná fakulta EU. Katedra služieb a cestovného ruchu - zrušené
Otros Autores: Pachingerová, Mária
Formato: Libro
Lenguaje:eslovaco
Publicado: Bratislava 2011
Etiquetas: Agregar Etiqueta
Sin Etiquetas, Sea el primero en etiquetar este registro!

MARC

LEADER 00000nbm a2200000 4500
001 0140403
005 20161109101932.2
041 0 |a slo 
044 |a SK 
245 1 0 |a Problémy regionálnych disparít Slovenska a cestovný ruch  |b diplomová práca  |c Klaudia Kičinová ; školiteľ: Mária Pachingerová 
264 1 |a Bratislava  |c 2011 
300 |a 67 s. 
100 1 |a Kičinová, Klaudia 
700 1 |a Pachingerová, Mária 
710 2 |a Obchodná fakulta EU. Katedra služieb a cestovného ruchu - zrušené